Normal view
MARC view
- الديون-المصارف الاسلامية-الفقه الاسلامي
Entry Topical Term
001 - CONTROL NUMBER
- control field: 62300
003 - CONTROL NUMBER IDENTIFIER
- control field: JO-AjAnu
005 - DATE AND TIME OF LATEST TRANSACTION
- control field: 20230606084157.0
008 - FIXED-LENGTH DATA ELEMENTS
- fixed length control field: 230606|| aca||aabn | a|a d
040 ## - CATALOGING SOURCE
- Original cataloging agency: JO-AjAnu
- Transcribing agency: JO-AjAnu
150 ## - HEADING--TOPICAL TERM
- Topical term or geographic name entry element: الديون-المصارف الاسلامية-الفقه الاسلامي
670 ## - SOURCE DATA FOUND
- Source citation: Work cat.: (JO-AjAnu)31772: الصالحي، نذير عدنان, author 62299, التدابير الشرعية للديون المتعثرة في المصارف الاسلامية: دراسة فقهية مقارنة